| 000 | 00480nam a22001337a 4500 | ||
|---|---|---|---|
| 999 |
_c67261 _d67258 |
||
| 082 | _aR/IMS-19 | ||
| 100 |
_aJalil Ahmed _a17MIEM02 |
||
| 245 | _aAnalysis of Existing Waste Management System and Anticipated Energy Potential from Municipal Solid Waste of Nawabshah City | ||
| 260 |
_aNawabshah _bQUEST _c2020 |
||
| 300 | _a52p. | ||
| 650 |
_aIndustrial Engineering and management _aDepartment of Mechanical Engineering |
||
| 856 | _uhttps://tinyurl.com/4y6wr3dr | ||
| 942 | _cTHESIS | ||